Teritorialnata organizacija na stopanstvoto v uslovijata na strukturni izmenenija.

Analýza problémov dynamiky štruktúrnych zmien v regionálnych ekonomikách v podmienkach liberalizácie ekonomického prostredia. Pozornosť venovaná zmenám v regionálno-urbanistickom rozvoji, vytvoreniu podmienok pre technologický transfer v nových komplexoch regionálneho rastu. Náčrt súčasných smerov c...

Ausführliche Beschreibung

Gespeichert in:
Bibliographische Detailangaben
1. Verfasser: Panušev, E.
Format: Buchkapitel
Sprache:Bulgarisch
Schlagworte:
Tags: Tag hinzufügen
Keine Tags, Fügen Sie das erste Tag hinzu!

MARC

LEADER 00000naa a2200000 4500
001 r008833
005 20221125115055.1
041 0 |a bul 
044 |a BG 
245 1 0 |a Teritorialnata organizacija na stopanstvoto v uslovijata na strukturni izmenenija.  |c E. Panušev 
520 |a Analýza problémov dynamiky štruktúrnych zmien v regionálnych ekonomikách v podmienkach liberalizácie ekonomického prostredia. Pozornosť venovaná zmenám v regionálno-urbanistickom rozvoji, vytvoreniu podmienok pre technologický transfer v nových komplexoch regionálneho rastu. Náčrt súčasných smerov ciest a stimulácie regionálneho rozvoja nielen na národnej úrovni, ale aj z hľadiska vplyvu európskych regionálnych štruktúr. 
610 2 0 |a rozmiestenie územné 
610 2 0 |a regióny 
610 2 0 |a zmeny štruktúrne 
610 2 0 |a rozvoj regionálny 
610 2 0 |a liberalizácia 
610 2 0 |a transfer technológie 
610 2 0 |a urbanizmus 
610 2 0 |a stimulovanie 
100 1 |a Panušev, E.